1849 1149 1071 1142 1030 1844 1191 1779 1219 1749 1031 1928 1677 1946 1370 1618 1423 1979 1111 1233 1201 1236 1782 1341 1572 1713 1709 1153 1286 1670 1532 1877 1055 1449 1975 1307 1760 1568 1559 1543 1000 1734 1897 1094 1986 1841 1052 1472 1571 1275 1604 1722 1126 1905 1200 1815 1704 1910 1436 1785 1769 1939 1342 1930 1332 1460 1787 1299 1472 1598 1652 1873 1962 1957 1786 1820 1367 1377 1168 1624 1512 1436 1265 1212 1940 1408 1223 1947 1062 1583 1646 1403 1159 1722 1087 1829 1429 1898 1000 BCNSPRNW ULIB Ver.6.0+V

เปลี่ยนเป็นภาษาไทย

Change to English
 แสดงรายละเอียดบรรณานุกรม
  กลับหน้าหลัก

Brief Record : Get Marc (ISO 2709) : E-mail record : QR code < ปิดหน้าต่าง
LEADER : 00000nam 2200000uu 4500
001    13399127396
003     ULIB
008    200519s2018||||th 000 0 tha d
020    ^a9781506258805
020    ^a9781506258829^c1,570 (set)
050 04 ^aPE1128^bL633B
100 1  ^aLougheed, Lin
245 10 ^aBarron s TOEIC :^btest of English for international communication /^cLin Lougheed
246 30 ^aTOEIC : test of English for international communication
250    ^a8th ed.
260    ^aNew York :^bBarron s,^c2018
300    ^ax, 558 p. :^bill ;^c28 cm.
490 0  ^aBarron s the leader in test preparation
490 0  ^aTOEIC superpack
650  0 ^aTest of English for international communication^xStudy guides
650  0 ^aEnglish language^xTextbooks for foreign speakers.
650  0 ^aEnglish language^xExaminations^xStudy guides.
945    ^p444^l0^i007067
999    ^aประนอม เกษจรัล
รายการนี้ยังไม่มีแท็ก
คุณยังไม่ได้ล็อกอิน คุณสามารถมีกิจกรรมร่วมกับเว็บไซต์ได้ แต่ต้องล็อกอินก่อน ::
  ล็อกอิน

รายการสื่อสารสนเทศ

ลำดับที่ ประเภท เลขเรียก/บาร์โค้ด สถานที่ สถานะ
1. การศึกษาทั่วไป
หนังสือสำรอง
สถานะ=หนังสือสำรอง
PE1128 L633B ฉ.1 
  Barcode: 007067
ห้องสมุดวิทยาเขตสวรรค์ประชารักษ์
►หนังสือทั่วไป
บนชั้น

รายการใกล้เคียง
    ผู้แต่ง [Lougheed, Lin]

BibComment


ยังไม่เคยถูกคอมเมนท์

คอมเมนท์ทรัพยากรรายการนี้
  คอมเมนท์: Barron s TOEIC ..


 Copyright 2026. Bcnsprnw @Library